000 00712nam a22002177a 4500
003 UA-OsUOA
001 69930
007 ta
008 20100708b un ||||| |||| 00| 0 ukr d
090 _a311.313(477.82)
_bЗ-35
942 _cBK
040 _aUA-OsUOA
_bukr
_cUA-OsUOA
_dUA-OsUOA
245 _aЗаробітна плата та стан її виплати на Рівненщині у 2009 році
_bЕкономічна доповідь
_cМельник Л. М.
300 _a62 с.
955 _a2
041 _aukr
080 _a311.313(477.82)
260 _aРівне
_bГУС
_c2010
650 7 _a311 Статистика як наука. Теорія статистики
_2UDC
999 _c356179
_d356179